000 00834nam a2200253 a 4500
001 67663
003 BD-RjUL
005 20211209081700.0
008 170328s1963 nyua b 001 0 eng
035 _a(BD-RjUL)67872
040 _aDLC/ICU
_cICU
_dDLC
_dBD-RjUL
_beng
041 _aeng
082 0 0 _223
_a537.532
_bCAP 1963
100 1 _aCambel, Ali Bulent,
_d1923-
_9200606
245 1 0 _aPlasma physics and magnetofluid-mechanics /
_cAli Bulent Cambel.
260 _aNew York :
_bMcGraw-Hill,
_cc1963.
300 _a304 p. :
_bill. ;
_c24 cm.
500 _aIncludes index.
650 0 _aPlasma (Ionized gases)
_9160125
650 0 _aMagnetohydrodynamics.
_9158502
830 _aMcGraw-Hill series in missile and space technology.
_9200608
942 _2ddc
_cBK
999 _c67663
_d67663